Čas vzácnější než peníze. Komparace k světové ekonomice.
Vývoj vývozu ČSFR za r. 1970-1990. Porovnanie exportnej výkonnosti 8 menších európskych vyspelých krajín. Štatistické údaje o exportnom výkone na 1 obyvateľa ČSFR. Problematika pridanej hodnoty a investícií. Ciele a prostriedky proexportne orientovanej priemyselnej politiky.
Uložené v:
| Hlavný autor: | |
|---|---|
| Médium: | Kapitola |
| Jazyk: | Czech |
| Predmet: | |
| Tagy: |
Žiadne tagy, Buďte prvý, kto otaguje tento záznam!
|
MARC
| LEADER | 00000naa a2200000 4500 | ||
|---|---|---|---|
| 001 | r005535 | ||
| 005 | 20221125081129.8 | ||
| 041 | 0 | |a cze | |
| 044 | |a [CS] | ||
| 245 | 1 | 0 | |a Čas vzácnější než peníze. |b Komparace k světové ekonomice. |c J. Kubalek |
| 520 | |a Vývoj vývozu ČSFR za r. 1970-1990. Porovnanie exportnej výkonnosti 8 menších európskych vyspelých krajín. Štatistické údaje o exportnom výkone na 1 obyvateľa ČSFR. Problematika pridanej hodnoty a investícií. Ciele a prostriedky proexportne orientovanej priemyselnej politiky. | ||
| 610 | 2 | 0 | |a vývoz |
| 610 | 2 | 0 | |a ČSFR |
| 610 | 2 | 0 | |a 1970-1990 |
| 610 | 2 | 0 | |a porovnanie štatistické medzinárodné |
| 610 | 2 | 0 | |a Európa |
| 610 | 2 | 0 | |a politika priemyselná |
| 100 | 1 | |a Kubalek, J. | |